Elden Ring Nightreign: Nightfarers (Classes) - Statistics

General Stats
  • This quiz has been taken 129 times
    120 since last reset
  • The average score is 7 of 8
Answer Stats
Answer % Correct
Wylder
96%
Ironeye
93%
Guardian
92%
Recluse
92%
Duchess
88%
Raider
88%
Revenant
82%
Executor
81%
No matching quizzes found
Score Distribution
Percent of People with Each Score
Percentile by Number Answered
Your Score History
You have not taken this quiz since the last reset